000 00890nam a2200241 i 4500
001 106148
003 ES-MaACL
005 20230906184052.0
007 t|
008 061003s1951 fr |||| | spa d
080 _a811.134.2'282(7/8)
100 1 _aRosenblat, Angel.
_999732
245 1 3 _aLa lengua y la cultura de Hispanoamérica
_b: tendencias actuales /
_cpor Roger Rosenblat ; avant-propos de Marcel Bataillon.
260 _aParis :
_bLibrairie des Editions Espagnoles,
_c[1951]
300 _a29 p. ;
_c21 cm.
490 1 _aLes conférences du Monde Hispanique
650 _aLengua española-
_zAmérica.
_914118
700 1 _aBataillon, Marcel.
_926396
830 1 _aLes conférences du Monde Hispanique
_9185174
852 _aES-MaACL
_jAND-Fol-16
_z- Biblioteca Juan Andrade
852 _aES-MaACL
_j2042-F-21
_z- Donat. José Antonio Llardent
999 _c106148
_d106148